Quizzes
Events
Quiz Creation
Community
Videos
Private Events
Remove Ads
Sign In
Join for FREE
Feedback
Dark Mode
Quiz Categories
Sports
Geography
Music
Movies
Television
Just For Fun
Miscellaneous
History
Literature
Language
Science
Gaming
Entertainment
Religion
Holiday
For Kids
Quiz Lab
Recent
Popular Today
Quiz Kudos Today
Editor Picks
Curator Picks
Quizzes by...
Day
Popularity
Type
Ratings
Length
Year
Community
Subscriptions
Recent Discussions
Orange Saloon
Badges
Playlists
Quests
Create
Leaderboards
Showdown
Live 5
Trivia Bingo
Activity
Puzzle Library
Sporcle Events
Private Events
Virtual Trivia
Globe League
Become a Host
Pub Owners
SporcleCon
Opinionation
Our Games
Videos
Blog
Mobile Apps
Partnerships
Remove Ads and Go Orange
Feedback
Geography
Country
Landmarks
City
State
Population
World
Capital
Continent
Flags
Europe
Africa
Asia
South America
North America
Oceania
Border
Canada
United Kingdom
Topography
United States
Geography
Country
Landmarks
City
State
Population
World
Capital
Continent
Flags
Europe
Africa
Asia
South America
North America
Oceania
Border
Canada
United Kingdom
Topography
United States
Random Quiz
Search Sporcle
×
Quiz Lab
Quiz Lab
Geography
Letter
Type in answers that appear in a list
Type in answers that appear in a list
Classic
Best Score? Go Orange.
Loveless countries Stats
Can you name the countries that don't have an L, O, V, or E in their names?
By
StupidBunny
10m
50 Questions
60 Plays
60 Plays
60 Plays
Comments
Comments
Give Quiz Kudos
Give Quiz Kudos
-
- Ratings
hide this ad
Replay
Link that replays current quiz
Next Quiz
Link to next quiz in quiz playlist
You Got
0%
They Got
Avg Score
65%
Avg Friend Score
Upgrade to see
Score Distribution
Jump to the score distribution portion of the page
Score
0/50
Timer
10:00
0
Plays Today
% Correct
Russia
81.7%
Spain
80%
Iran
80%
Japan
78.3%
Iraq
78.3%
China
78.3%
Fiji
78.3%
Canada
76.7%
Austria
76.7%
Uruguay
71.7%
Panama
70%
Paraguay
70%
Haiti
70%
India
70%
Kazakhstan
70%
Guyana
68.3%
Cuba
68.3%
Syria
68.3%
Bahamas
66.7%
Qatar
66.7%
Tajikistan
66.7%
Chad
66.7%
Afghanistan
66.7%
Jamaica
65%
Kyrgyzstan
65%
% Correct
Sudan
65%
Madagascar
65%
Zambia
65%
Uganda
63.3%
Hungary
63.3%
Pakistan
61.7%
Nauru
61.7%
Kiribati
61.7%
Rwanda
61.7%
Kuwait
60%
Bahrain
60%
Myanmar
60%
Ghana
60%
Saudi Arabia
56.7%
Taiwan
56.7%
Bhutan
56.7%
Tunisia
56.7%
Mauritius
56.7%
Namibia
56.7%
Cyprus
55%
Mauritania
55%
Nicaragua
53.3%
Tanzania
53.3%
Burundi
51.7%
Antigua and Barbuda
35%
Quiz Playlist
Details
Report
Send in Message
Add To Playlist
Classic:
Type in answers that appear in a list
Last Updated: Feb 16, 2017
Quiz Scoreboard
CHALLENGE
Sign Up to Join the Scoreboard
Show All
Scores
Hide
Comments
May contain spoilers
Recently Published
College Basketball Coaching Resumes
by pancakes188
Sports
9m
Billboard Blitz: Fleetwood Mac
by CooCooCachoo
Music
15s
Presidents Visiting Landmarks
by Hejman
History
7m
More to Explore
Quiz From the Vault
Featured Blog Post
Where Did the Easter Bunny Come From?
hide this ad
You Might Also Like...
Tags
Country Quiz
Letter Quiz
Love
Spelling
Today's Top Quizzes in Geography
Browse Geography
hide this ad
Today's Top Quizzes in Letter
Browse Letter
Top Contributed Quizzes in Geography
1
Countries of the World - No Outlines Minefield
2
Top 25 Cities of France on a map
3
Any capital of a 'B' country per Continent
4
Any capital of a 'C' country per Continent
5
Closest Countries to UK A-Z
6
Any capital of a 'D' country per Continent
7
5-to-1: US Geography No Hints
8
Any capital of an 'E' country per Continent
9
Click the Alabama Counties! (Map)
10
One Thing in Common: United Kingdom
Explore More
Trending Topics
Harry Potter
Kpop
NBA
Disney
Anime
Crossword
Marvel
The Office
Pokémon
Country
Song
Puzzle
WWE
Soccer
NFL
hide this ad
More By:
StupidBunny
Quiz
Plays
Rating
Category
Featured
Created
Countries Shorter Than the Burj Khalifa
46,565
4.26
Geography
Jan 18, 2012
Countries with Non-Contiguous Regions
9,390
4.41
Geography
Apr 20, 2011
Band/Artist by YouTube comments
3,408
4.70
Music
May 14, 2013
Doom Monsters Without Doom II
2,197
5.00
Gaming
Sep 17, 2013
Pink Floyd A to Z
1,619
5.00
Music
Apr 20, 2014
Go to Creator's Profile
Score Distribution
Quiz Creator Spotlight
StupidBunny
Follow
Send a Message
Quizzes Created
-
Created Quiz Play Count
-
More By This Creator
Popular Quizzes Today
1
Find the US States - No Outlines Minefield
2
Find the Countries of Europe - No Outlines Minefield
3
The Countries of the World
4
Find the US States
5
Risky Map Clicking: Biggest States A-Z
6
US States
7
Popular People in 1961
8
Movies - When Are They Set?
More Geography Quizzes
Countries by Largest Earthquakes
Published
Trending Quizzes
Risky Map Clicking: Least Populous States A-Z
1-10 Letter G Words
1-10 Letter F Words
Risky Map Clicking: Next State Alphabetically
Risky Map Clicking: Biggest States A-Z
Recently Updated
Leaping Animals
pecheneg
Reality TV Shows (A-Z)
bhenderson79
Rickey Henderson's Hall of Fame Teammates
pecheneg
Champions League XIs: Arsenal
pecheneg
Quick Pick: Celebrities in WWE's Hall of Fame
aduchscher
A-Z Keypad Blitz II
pecheneg
Multiple Oscar Actors
pecheneg
Mystery Phrase Blitz: Oscar 'Best Actors'
pecheneg
F. Scott Fitzgerald Novels
LTH
Pick 3 Villains
ddd62291
Trending Topics
Harry Potter
Anime
Kpop
NBA
Marvel
Crossword
Disney
Soccer
The Office
NFL
Country
Puzzle
Song
WWE
Pokémon
Your Account Isn't Verified!
In order to create a playlist on Sporcle, you need to verify the email address you used during registration. Go to your
Sporcle Settings
to finish the process.
Report this User
Report this user for behavior that violates our
Community Guidelines
.
Details:
Send Report
Go to the Sporcle.com Mobile Site →
Comments